| 000 | 00496nam a2200193Ia 4500 | ||
|---|---|---|---|
| 008 | 170203s9999 xx 000 0 und d | ||
| 020 | _a0-694013196 | ||
| 050 | _aFic | ||
| 050 | _b.B347w 1999 | ||
| 100 | _aBaum, Frank L. | ||
| 245 | 4 | _aThe Wizard of Oz | |
| 245 | _c by L. Frank Baum ; with pictures by W.W. Denslow. | ||
| 260 | _aNew York : | ||
| 260 | _bHarper Collins Publishers Inc. | ||
| 260 | _c1999 | ||
| 300 | _a199 pages; | ||
| 300 | _billustrations : | ||
| 650 | _aFantasy | ||
| 999 |
_c306166 _d306166 |
||